<?xml version="1.0" encoding="UTF-8"?>
<collection xmlns="http://www.loc.gov/MARC21/slim">
 <record>
  <leader>02045nam a2200301 a 4500</leader>
  <controlfield tag="001">1/48267</controlfield>
  <controlfield tag="008">190116n2009    gr a          00010 gre  </controlfield>
  <datafield tag="020" ind1=" " ind2=" ">
   <subfield code="a">9608305381</subfield>
  </datafield>
  <datafield tag="035" ind1=" " ind2=" ">
   <subfield code="l">51263</subfield>
  </datafield>
  <datafield tag="040" ind1=" " ind2=" ">
   <subfield code="a">GR-PeUP</subfield>
  </datafield>
  <datafield tag="082" ind1="0" ind2="0">
   <subfield code="a">271.819495 ΞΕΠ</subfield>
  </datafield>
  <datafield tag="100" ind1="1" ind2=" ">
   <subfield code="a">Ξεπαπαδάκος, Γιώργος,</subfield>
   <subfield code="d">1969-</subfield>
  </datafield>
  <datafield tag="245" ind1="1" ind2="0">
   <subfield code="a">Κέρκυρα :</subfield>
   <subfield code="b">Ναός Αγίου Σπυρίδωνα, Μονή Παλαιοκαστρίτσας, Μονή Υψηλού Παντοκράτορος, Μονή Αγίου Δημητρίου, Μονή Παναγίας Βλαχερνών /</subfield>
   <subfield code="c">[συγγραφή κειμένων Γιώργος Ξεπαπαδάκος] ; [φωτογραφίες Μάρω Κουρή].</subfield>
  </datafield>
  <datafield tag="260" ind1="0" ind2=" ">
   <subfield code="a">Αθήνα :</subfield>
   <subfield code="b">Πήγασος,</subfield>
   <subfield code="c">[2009;].</subfield>
  </datafield>
  <datafield tag="300" ind1=" " ind2=" ">
   <subfield code="a">141 σ. :</subfield>
   <subfield code="b">έγχρ. εικ. ;</subfield>
   <subfield code="c">26 εκ.</subfield>
  </datafield>
  <datafield tag="490" ind1="1" ind2=" ">
   <subfield code="a">Μοναστήρια και προσκυνήματα της Ελλάδας ;</subfield>
  </datafield>
  <datafield tag="500" ind1=" " ind2=" ">
   <subfield code="a">Η σειρά διανεμήθηκε δωρεάν μαζί με το &quot;Έθνος της Κυριακής&quot;.</subfield>
  </datafield>
  <datafield tag="500" ind1=" " ind2=" ">
   <subfield code="a">Τίτλος εξωφύλλου: Άγιος Σπυρίδωνας &amp; Μονές Κέρκυρα.</subfield>
  </datafield>
  <datafield tag="610" ind1="2" ind2="4">
   <subfield code="a">Ναός Αγίου Σπυρίδωνα (Κέρκυρα).</subfield>
  </datafield>
  <datafield tag="610" ind1="2" ind2="4">
   <subfield code="a">Μονή Υπεραγίας Θεοτόκου (Παλαιοκαστρίτσα, Κέρκυρα).</subfield>
  </datafield>
  <datafield tag="610" ind1="2" ind2="4">
   <subfield code="a">Μονή Παντοκράτορος (Άγιος Αθανάσιος, Κέρκυρα).</subfield>
  </datafield>
  <datafield tag="610" ind1="2" ind2="4">
   <subfield code="a">Μονή Αγίου Δημητριου (Άγιοι Δούλοι, Κέρκυρα).</subfield>
  </datafield>
  <datafield tag="610" ind1="2" ind2="4">
   <subfield code="a">Μονή Παναγίας Βλαχερνών (Κέρκυρα).</subfield>
  </datafield>
  <datafield tag="650" ind1=" " ind2="4">
   <subfield code="a">Monasteries</subfield>
   <subfield code="z">Greece.</subfield>
  </datafield>
  <datafield tag="650" ind1=" " ind2="4">
   <subfield code="a">Μοναστήρια</subfield>
   <subfield code="z">Ελλάδα</subfield>
   <subfield code="z">Κέρκυρα (Νομός).</subfield>
  </datafield>
  <datafield tag="700" ind1="1" ind2=" ">
   <subfield code="a">Κουρή, Μάρω.</subfield>
  </datafield>
  <datafield tag="830" ind1=" " ind2=" ">
   <subfield code="a">Μοναστήρια και προσκυνήματα της Ελλάδας ;</subfield>
   <subfield code="v">16</subfield>
  </datafield>
  <datafield tag="852" ind1=" " ind2=" ">
   <subfield code="a">INST</subfield>
   <subfield code="b">UNIPILB</subfield>
   <subfield code="c">MAIN</subfield>
   <subfield code="e">20190116</subfield>
   <subfield code="h">271.819495 ΞΕΠ</subfield>
   <subfield code="p">00180202</subfield>
   <subfield code="q">00180202</subfield>
   <subfield code="t">LOAN</subfield>
   <subfield code="y">0</subfield>
   <subfield code="4">1</subfield>
  </datafield>
 </record>
</collection>
